01049cam a2200145 4500082001700000100001900017245025300036260019200289300005300481500020900534500005500743526003700798650000800835856006000843 a923.155bFRA1 aFraser, James,14aThe history of Nadir Shahbformerly called Thamas Kuli Khan, the present emperor of Persia. ... At the end is inserted, a catalogue of about two hundred manuscripts in the Persic and other Oriental languages, collected in the East. By James Fraser. aLondon :bprinted by W. Strahan, for the author: and sold by G. Strahan, and J. Brotherton; J. Oswald and J. Davidson; S. Austin; T. Longman, and C. Hitch [and 6 others in London],c1742. a[2],vi,234,[6];40p.,plates :bport.,map ;c8⁰. aAnother issue of this work was published in 1742 with the imprint: London: printed by W. Strahan, for the author; and sold by G. Strahan and J. Brotherton; S. Austin; A. Millar; J. Palairet; and J. Stagg. aReproduction of original from the British Library. a0b0c0d923_155000000000000_FRA aMCE40uhttp://www.columbia.edu/cgi-bin/cul/resolve?clio5188480